<?xml version="1.0" encoding="UTF-8"?><?xml-stylesheet type="text/xsl" href="static/style.xsl"?><OAI-PMH xmlns="http://www.openarchives.org/OAI/2.0/" xmlns:xsi="http://www.w3.org/2001/XMLSchema-instance" xsi:schemaLocation="http://www.openarchives.org/OAI/2.0/ http://www.openarchives.org/OAI/2.0/OAI-PMH.xsd"><responseDate>2026-04-17T12:12:40Z</responseDate><request verb="GetRecord" identifier="oai:www.recercat.cat:2445/228618" metadataPrefix="marc">https://recercat.cat/oai/request</request><GetRecord><record><header><identifier>oai:recercat.cat:2445/228618</identifier><datestamp>2026-04-08T14:07:39Z</datestamp><setSpec>com_2072_1057</setSpec><setSpec>col_2072_478798</setSpec><setSpec>col_2072_478916</setSpec><setSpec>col_2072_478917</setSpec></header><metadata><record xmlns="http://www.loc.gov/MARC21/slim" xmlns:dcterms="http://purl.org/dc/terms/" xmlns:xsi="http://www.w3.org/2001/XMLSchema-instance" xmlns:doc="http://www.lyncode.com/xoai" xsi:schemaLocation="http://www.loc.gov/MARC21/slim http://www.loc.gov/standards/marcxml/schema/MARC21slim.xsd">
   <leader>00925njm 22002777a 4500</leader>
   <datafield ind2=" " ind1=" " tag="042">
      <subfield code="a">dc</subfield>
   </datafield>
   <datafield ind2=" " ind1=" " tag="720">
      <subfield code="a">Vela Vallespín, Carmen</subfield>
      <subfield code="e">author</subfield>
   </datafield>
   <datafield ind2=" " ind1=" " tag="720">
      <subfield code="a">Medina Perucha, Laura</subfield>
      <subfield code="e">author</subfield>
   </datafield>
   <datafield ind2=" " ind1=" " tag="720">
      <subfield code="a">Jacques Aviñó, Constanza</subfield>
      <subfield code="e">author</subfield>
   </datafield>
   <datafield ind2=" " ind1=" " tag="720">
      <subfield code="a">Codern Bové, Núria</subfield>
      <subfield code="e">author</subfield>
   </datafield>
   <datafield ind2=" " ind1=" " tag="720">
      <subfield code="a">Harris, Meggan</subfield>
      <subfield code="e">author</subfield>
   </datafield>
   <datafield ind2=" " ind1=" " tag="720">
      <subfield code="a">Borràs Andrés, Josep Maria</subfield>
      <subfield code="e">author</subfield>
   </datafield>
   <datafield ind2=" " ind1=" " tag="720">
      <subfield code="a">Marzo Castillejo, Mercè</subfield>
      <subfield code="e">author</subfield>
   </datafield>
   <datafield ind2=" " ind1=" " tag="260">
      <subfield code="c">2026-03-30T17:35:36Z</subfield>
   </datafield>
   <datafield ind2=" " ind1=" " tag="260">
      <subfield code="c">2026-03-30T17:35:36Z</subfield>
   </datafield>
   <datafield ind2=" " ind1=" " tag="260">
      <subfield code="c">2023</subfield>
   </datafield>
   <datafield ind2=" " ind1=" " tag="260">
      <subfield code="c">2026-03-30T17:35:37Z</subfield>
   </datafield>
   <datafield ind2=" " ind1=" " tag="520">
      <subfield code="a">Background

Early detection of symptoms and prompt diagnosis of ovarian cancer are considered important avenues for improving patient experiences and outcomes.
Methods

This qualitative study used a phenomenological approach to perform patient interviews, collecting individual accounts of the prediagnostic phase in women diagnosed and treated for ovarian cancer in 2016–2017. Purposive sampling was used to obtain a diverse sample of 24 participants, while thematic content analysis was used to extract themes and subthemes from interview data.
Results

Three themes and nine subthemes were identified. The first theme was women's delay in recognizing symptoms and seeking care, with subthemes on the lack of knowledge about early signs of ovarian cancer, gender-related barriers and false reassurance from negative test results. A second theme was missed opportunities during healthcare encounters, due to misattribution of women's symptoms by their physicians, underestimation of symptom severity and need for mediation and inadequate tests and/or false negative results. Finally, interviews highlighted the use of resources and alternative healthcare pathways, including complementary/alternative medicines, access to private health care and women's capacity for action and decision-making (agency) about their health.</subfield>
   </datafield>
   <datafield tag="653" ind2=" " ind1=" ">
      <subfield code="a">Càncer d'ovari</subfield>
   </datafield>
   <datafield tag="653" ind2=" " ind1=" ">
      <subfield code="a">Malalties de l'ovari</subfield>
   </datafield>
   <datafield tag="653" ind2=" " ind1=" ">
      <subfield code="a">Patòlogues</subfield>
   </datafield>
   <datafield tag="653" ind2=" " ind1=" ">
      <subfield code="a">Ginecologia</subfield>
   </datafield>
   <datafield tag="653" ind2=" " ind1=" ">
      <subfield code="a">Ovarian cancer</subfield>
   </datafield>
   <datafield tag="653" ind2=" " ind1=" ">
      <subfield code="a">Ovary diseases</subfield>
   </datafield>
   <datafield tag="653" ind2=" " ind1=" ">
      <subfield code="a">Women pathologists</subfield>
   </datafield>
   <datafield tag="653" ind2=" " ind1=" ">
      <subfield code="a">Gynecology</subfield>
   </datafield>
   <datafield ind2="0" ind1="0" tag="245">
      <subfield code="a">Women's experiences along the ovarian cancer diganostic pathway in Catalonia: A qualitative study</subfield>
   </datafield>
</record></metadata></record></GetRecord></OAI-PMH>